| 000 | 00600nam a22001697a 4500 | ||
|---|---|---|---|
| 999 |
_c9378 _d9378 |
||
| 008 | 210409b ||||| |||| 00| 0 eng d | ||
| 040 | _aBMS College of Architecture | ||
| 100 | _aRamakrishnan, Gisha | ||
| 245 | _aReframing the existing villages to Harmoniously co- Exist with the new port town at Vizhinjam | ||
| 300 | _a97p. | ||
| 500 | _a1BM13AHD05 | ||
| 502 |
_8M,Arch (Habitat Design) _NBMS College of Architecture, Visvesvaraya Technological University _aDissertation _d2015 |
||
| 650 | _aNA | ||
| 700 |
_aMamatha P Raj _eGuide |
||
| 700 |
_aSadashiv Chakravarthy _eGuide |
||
| 942 |
_2ddc _cPGTHE |
||